| 000 | 00414nam a2200169Ia 4500 | ||
|---|---|---|---|
| 008 | 220531s9999 xx 000 0 und d | ||
| 041 | _aeng | ||
| 082 | _bKRI | ||
| 100 |
_aKrishnamurthy, P. G. _938124 |
||
| 245 | _aE. M. Forster : A Critical Study | ||
| 260 |
_bAtlantic _c1995 |
||
| 300 | _a208 | ||
| 542 | _d24-11-1997 | ||
| 650 |
_aEnglish _938125 |
||
| 906 |
_d1997-1998 _f5657 |
||
| 999 |
_c23117 _d23117 |
||